| 000 | 00747nam a22002177a 4500 | ||
|---|---|---|---|
| 007 | 00 | ||
| 008 | 160627b xxu||||| |||| 00| 0 eng d | ||
| 020 | _a978-2-10-053075-5 | ||
| 040 |
_aBUAC _cBUC |
||
| 041 | _aFre. | ||
| 100 | _aBarnier,Virginie (de) | ||
| 245 |
_aDe la stratégie marketing à la création publicitaire : _bMagazines. Affiches.TV/ Radio. Internet _c/ par Virginie Barnier (de), Henri Joannis |
||
| 250 | _a3è éd. | ||
| 260 |
_aParis : _bDunod, _c2010 |
||
| 300 |
_a471 p. _c24 cm |
||
| 521 | _aLexique. pp. (445 - 463 ) ; Index des concepts : pp. ( 465 - 466) ; Index des entreprise : pp. (469 - 471) | ||
| 630 | _aSCIENCES APPLIQUEES | ||
| 650 | _aMarketing : publicité | ||
| 700 | _aJoannis, Henri | ||
| 942 | _cLIV | ||
| 999 |
_c54734 _d54734 |
||